Name The WW2 Nations by Their Flags - Statistics

General Stats
  • This quiz has been taken 64 times
  • The average score is 15 of 16
Answer Stats
Picture Answer % Correct
German Reich
100%
Belgium
98%
Soviet Union
98%
Spain
98%
Brazil
96%
France
96%
Netherlands
96%
United Kingdom
96%
United States of America
96%
Hungary
92%
Italy
92%
Bulgaria
87%
Luxembourg
87%
China
83%
Yugoslavia
70%
Greece
64%
No matching quizzes found
Score Distribution
Percent of People with Each Score
Percentile by Number Answered
Your Score History
You have not taken this quiz